[Event "English Open 2025"]
[Site "Kenilworth ENG"]
[Date "2025.07.19"]
[Round "4.9"]
[White "Ghasi, Ameet K"]
[Black "Vaidyanathan, Adithya"]
[Result "1-0"]
[WhiteTitle "GM"]
[WhiteElo "2511"]
[BlackElo "2094"]
[WhiteFideId "409200"]
[BlackFideId "495450"]
[EventDate "2025.07.18"]

1. Nf3 c5 2. e4 Nc6 3. Bb5 g6 4. Bxc6 dxc6 5. d3 Bg7 6. a4 a5 7. h3 Nf6 8. Nc3
Nd7 9. Be3 e5 10. Qd2 h6 11. O-O b6 12. Nh2 Nf8 13. f4 exf4 14. Rxf4 Ne6 15. Rf2
Nd4 16. Raf1 Ra7 17. b3 Be6 18. Ne2 Nxe2+ 19. Rxe2 Rd7 20. Ref2 Qh4 21. Qe1 Qh5
22. Rf4 g5 23. g4 Qg6 24. Rf5 Kd8 25. R5f2 h5 26. Rg2 hxg4 27. hxg4 Rh3 28. Rf3
Rh4 29. Qd2 Bd4 30. Bxd4 Rxd4 31. Rfg3 Qh6 32. Nf3 Rh1+ 33. Kf2 Qf6 34. Qxg5
Qxg5 35. Nxg5 b5 36. axb5 cxb5 37. Nxe6+ fxe6 38. g5 a4 39. g6 Rh8 40. bxa4 bxa4
41. Rg5 a3 42. Rxc5 Ra4 43. Rg1 Rg8 44. Rcg5 Ke7 45. e5 Kf8 46. g7+ Kf7 47. Ke3
a2 48. Rf1+ Ke7 49. Ra1 Kf7 50. Rf1+ Ke7 51. Ra1 Kf7 52. Kd2 Rxg7 53. Rxg7+ Kxg7
54. Kc3 Ra5 55. d4 Ra4 56. Kd3 Kg6 57. c3 Kf5 58. Kc2 Ra8 59. Kb3 Rb8+ 60. Kxa2
Ke4 61. Rb1 Ra8+ 62. Kb3 Kd3 63. Rd1+ Ke2 64. Rh1 Kd2 65. Rh2+ Kd3 66. Rh3+ Kd2
67. Kb4 Rc8 68. c4 Rd8 69. Kc5 Rc8+ 70. Kd6 Rxc4 71. Rh4 Kc3 72. Kxe6 Kb4 73.
Kd5 Rc8 74. e6 Rd8+ 75. Kc6 Rc8+ 76. Kd7 Ra8 77. e7 1-0

[Event "English Open 2025"]
[Site "Kenilworth ENG"]
[Date "2025.07.19"]
[Round "4.10"]
[White "Harvey, Marcus R"]
[Black "Saunders, Aron"]
[Result "1-0"]
[WhiteTitle "IM"]
[WhiteElo "2445"]
[BlackElo "2135"]
[WhiteFideId "400092"]
[BlackFideId "469343"]
[EventDate "2025.07.18"]

1. Nf3 d5 2. g3 Bg4 3. Bg2 Nd7 4. O-O Ngf6 5. h3 Bxf3 6. exf3 e6 7. f4 Be7 8.
Re1 O-O 9. d3 Re8 10. Nd2 c5 11. Nf3 Qc7 12. Ne5 Bd6 13. Qe2 Nb8 14. c3 Nc6 15.
a3 a5 16. a4 Nd7 17. Nf3 Nf6 18. Qc2 h6 19. Bd2 Re7 20. Re2 Rae8 21. Rae1 e5 22.
fxe5 Nxe5 23. Nxe5 Rxe5 24. Rxe5 Rxe5 25. Rxe5 Bxe5 26. Qb3 Qc6 27. f4 Bc7 28.
c4 b6 29. cxd5 Qd7 30. Qc4 Ne8 31. b3 Nd6 32. Qa6 Qd8 33. d4 cxd4 34. Qd3 Qf6
35. Bc1 Nb7 36. d6 Nxd6 37. Bb2 h5 38. Bxd4 Qe7 39. h4 g6 40. Qc3 Nf5 41. Bf2
Qd6 42. Be4 Nh6 43. Qd3 Qxd3 44. Bxd3 Kf8 45. Kg2 Ke7 46. Kf3 Ng4 47. Bg1 Nf6
48. Bc4 Ne8 49. Ke4 Nd6+ 50. Kd5 Kd7 51. Bd3 Bd8 52. Bd4 Bc7 53. Be5 Bb8 54.
Bb5+ Nxb5 55. axb5 Bxe5 56. Kxe5 Ke7 57. f5 1-0

[Event "English Open 2025"]
[Site "Kenilworth ENG"]
[Date "2025.07.19"]
[Round "4.11"]
[White "Verma, Aditya"]
[Black "Badacsonyi, Stanley"]
[Result "0-1"]
[BlackTitle "FM"]
[WhiteElo "2092"]
[BlackElo "2318"]
[WhiteFideId "426202"]
[BlackFideId "486973"]
[EventDate "2025.07.18"]

1. e4 e5 2. Nf3 Nc6 3. Bc4 Nf6 4. d3 h6 5. c3 d6 6. a4 g6 7. a5 a6 8. Nbd2 Bg7
9. O-O O-O 10. Re1 Be6 11. Bb3 Nh5 12. Nc4 Re8 13. Ne3 Nf4 14. Bxe6 Nxe6 15. Nd5
Ne7 16. c4 c6 17. Nb6 Rb8 18. b4 d5 19. exd5 cxd5 20. Bb2 dxc4 21. dxc4 Qxd1 22.
Raxd1 f6 23. Bc3 Rbd8 24. g3 Nc8 25. Nd5 Nd6 26. Nb6 Kf7 27. Nd2 Bf8 28. Kg2 h5
29. h4 Re7 30. Ne4 Nxe4 31. Rxd8 Nxc3 32. Rd3 Rc7 33. Na8 Rc8 34. Rd7+ Ke8 35.
Nb6 Rc7 36. Rxc7 Nxc7 37. c5 Kf7 38. Re3 N3d5 39. Rb3 Ke6 40. Nc4 Nb5 41. Ne3
Be7 42. Nc2 f5 43. f3 f4 44. Kh3 fxg3 45. Kxg3 g5 46. hxg5 Bxg5 47. Na3 Nxa3 48.
Rxa3 Nxb4 49. Rb3 Bd2 50. Kh4 Kd5 51. Kxh5 Kxc5 52. Kg6 Kc4 53. Rb1 Kb5 54. Kf5
Bc3 55. Rc1 Kc4 56. Rb1 Kd4 57. Ke6 Nc6 58. Kd6 Nxa5 59. Kc7 Kc4 60. Kb6 Nb3 61.
Kxb7 a5 0-1

[Event "English Open 2025"]
[Site "Kenilworth ENG"]
[Date "2025.07.19"]
[Round "4.12"]
[White "Jackson, James P"]
[Black "Zhao, George"]
[Result "1/2-1/2"]
[WhiteTitle "IM"]
[BlackTitle "CM"]
[WhiteElo "2371"]
[BlackElo "2124"]
[WhiteFideId "416860"]
[BlackFideId "494607"]
[EventDate "2025.07.18"]

1. c4 e6 2. Nc3 d5 3. d4 Nf6 4. Nf3 Be7 5. g3 dxc4 6. Ne5 c5 7. dxc5 Qc7 8. Qa4+
Bd7 9. Nxd7 Nbxd7 10. Bg2 Bxc5 11. O-O O-O 12. Nb5 Qc8 13. Na3 Nb6 14. Qc2 Nfd5
15. Bd2 c3 16. Bc1 cxb2 17. Qxb2 Na4 18. Qb3 Bd4 1/2-1/2

[Event "English Open 2025"]
[Site "Kenilworth ENG"]
[Date "2025.07.19"]
[Round "4.13"]
[White "Elgar, Tim"]
[Black "Merry, Alan B"]
[Result "0-1"]
[BlackTitle "IM"]
[WhiteElo "2093"]
[BlackElo "2400"]
[WhiteFideId "343413285"]
[BlackFideId "418811"]
[EventDate "2025.07.18"]

1. Nf3 d5 2. g3 Nd7 3. Bg2 e5 4. d3 c6 5. O-O Ngf6 6. Nc3 Be7 7. e4 dxe4 8. Nxe4
Nxe4 9. dxe4 O-O 10. Qe2 a5 11. Rd1 Qc7 12. a4 b6 13. Nd2 Rd8 14. b3 Ba6 15. Qf3
Nc5 16. Bh3 Bg5 17. Bf1 Bxf1 18. Kxf1 Qd6 19. Ke1 Qd4 20. Rb1 Bxd2+ 21. Bxd2
Qxe4+ 22. Qxe4 Nxe4 23. f3 Nxd2 24. Rxd2 Rxd2 25. Kxd2 f6 26. Ke3 Kf7 27. g4 Ke6
28. Rg1 Rd8 29. h4 g6 30. c3 Rb8 31. b4 Ra8 32. Rc1 h5 33. gxh5 gxh5 34. Ke4
axb4 35. cxb4 c5 36. a5 bxa5 37. bxc5 a4 38. c6 a3 39. c7 a2 40. Rc6+ Kd7 41.
c8=Q+ Rxc8 42. Ra6 Rc2 43. Kf5 Rf2 44. Kxf6 e4 45. Ke5 e3 46. Rd6+ Ke7 47. Ra6
e2 48. Ra7+ Ke8 49. Ra8+ Kd7 50. Ra7+ Kc6 0-1

[Event "English Open 2025"]
[Site "Kenilworth ENG"]
[Date "2025.07.19"]
[Round "4.14"]
[White "Yu, Rock"]
[Black "Bates, Richard A"]
[Result "0-1"]
[BlackTitle "IM"]
[WhiteElo "2099"]
[BlackElo "2292"]
[WhiteFideId "489000"]
[BlackFideId "403555"]
[EventDate "2025.07.18"]

1. Nf3 Nf6 2. g3 g6 3. b3 Bg7 4. Bb2 O-O 5. Bg2 d6 6. d4 b5 7. O-O Bb7 8. Nbd2
Nbd7 9. c4 bxc4 10. Nxc4 Bd5 11. Rc1 a5 12. Ne3 Bb7 13. Qc2 c5 14. Rfd1 Be4 15.
Qd2 Qb8 16. dxc5 Nxc5 17. Nc4 Qa7 18. Bc3 Nfd7 19. Bxg7 Kxg7 20. Qe3 Nf6 21. Nh4
Ne6 22. Nb6 Rab8 23. Bxe4 Qxb6 24. Qxb6 Rxb6 25. Bf3 Rb4 26. Bd5 Nc5 27. Nf3
Nxd5 28. Rxd5 a4 29. Rd4 Rfb8 30. bxa4 Rb2 31. Rd2 Rxd2 32. Nxd2 Rb2 33. Nb3
Nxa4 34. e3 Rxa2 35. Ra1 Rxa1+ 36. Nxa1 Kf6 37. Kg2 Ke5 38. Kf3 Kd5 39. Nb3 e5
40. e4+ Kc6 41. Na5+ Kd7 42. Ke3 Nb6 43. f4 f6 44. h4 Ke6 45. g4 f5 46. gxf5+
gxf5 47. fxe5 dxe5 48. exf5+ Kxf5 49. Nc6 Nd5+ 50. Kd3 Nf4+ 51. Kc4 h5 52. Kc5
Ke6 53. Nd8+ Kf6 54. Nc6 Kf5 55. Kc4 Ke4 56. Kc5 Ng6 57. Kd6 Kf4 58. Kd5 e4 59.
Nd4 e3 0-1

[Event "English Open 2025"]
[Site "Kenilworth ENG"]
[Date "2025.07.19"]
[Round "4.15"]
[White "Collins, Jonathan"]
[Black "Badacsonyi, Frankie"]
[Result "0-1"]
[BlackTitle "FM"]
[WhiteElo "1869"]
[BlackElo "2170"]
[WhiteFideId "438456"]
[BlackFideId "460400"]
[EventDate "2025.07.18"]

1. d4 Nf6 2. Bf4 b6 3. Nd2 Bb7 4. c4 g6 5. Qc2 Bg7 6. e4 d6 7. Ngf3 Nfd7 8. h4
e5 9. dxe5 dxe5 10. Bg5 Bf6 11. Rd1 Qe7 12. Be2 Nc6 13. a3 Nd8 14. Nb1 Ne6 15.
Bxf6 Qxf6 16. Nc3 c6 17. b4 O-O-O 18. b5 cxb5 19. Nd5 Bxd5 20. cxd5+ Nec5 21.
Bxb5 Qf4 22. Ng5 h6 23. g3 Qf6 24. Nh3 Qf3 25. O-O Qxe4 26. Qxe4 Nxe4 27. Rfe1
Ndc5 28. Rc1 Nd6 29. Bf1 Rhe8 30. a4 a5 31. g4 Kb8 32. Rb1 Ka7 33. Rec1 Nde4 34.
Bb5 Re7 35. Bc6 Nd2 36. Rb5 Nf3+ 37. Kg2 Nd4 38. Rcxc5 bxc5 39. Rxc5 Nxc6 40.
dxc6 Kb6 41. Rb5+ Ka6 42. Ng1 Rd4 43. c7 Rxc7 44. Kg3 Rc3+ 45. f3 e4 46. Kf4
exf3+ 47. Ke5 Rxa4 48. Rb2 Rxg4 49. Kd5 Rxg1 0-1

[Event "English Open 2025"]
[Site "Kenilworth ENG"]
[Date "2025.07.19"]
[Round "4.16"]
[White "Hebden, Mark L"]
[Black "James, Russell A"]
[Result "1-0"]
[WhiteTitle "GM"]
[WhiteElo "2355"]
[BlackElo "2097"]
[WhiteFideId "400084"]
[BlackFideId "407070"]
[EventDate "2025.07.18"]

1. d4 Nf6 2. Bg5 c5 3. d5 d6 4. Nc3 b5 5. Nxb5 Qa5+ 6. Nc3 Ne4 7. Bd2 Nxd2 8.
Qxd2 Na6 9. e3 Rb8 10. b3 g6 11. Bc4 Bg7 12. Nge2 e6 13. Rd1 O-O 14. Ne4 Qxd2+
15. Rxd2 exd5 16. Bxd5 Rb6 17. Bc4 Rd8 18. O-O Bb7 19. N2g3 h5 20. h4 Kf8 21.
Rfd1 Ke7 22. Bxa6 Bxe4 23. Nxe4 Rxa6 24. c4 Rc6 25. Rd3 a5 26. a4 f5 27. Nc3
Bxc3 28. Rxc3 Rb8 29. Kh2 Rcb6 30. Rcd3 Ke6 31. Kg3 Rd8 32. Kf4 Rf8 33. Rd5 Rf6
34. R1d3 Ke7 35. f3 Rb8 36. Kg5 Re6 37. g3 Rb6 38. e4 fxe4 39. fxe4 Rb8 40. Re3
Rf8 41. g4 hxg4 42. Kxg4 Rf1 43. e5 Rg1+ 44. Kf3 dxe5 45. Rxc5 Rh1 46. Rxa5 e4+
47. Kg3 Rg1+ 48. Kh2 Rg4 49. Kh3 Rg1 50. Rb5 Rh1+ 51. Kg3 Rg1+ 52. Kh2 Rd1 53.
Kg2 Rd2+ 54. Kg3 Kf6 55. a5 Re5 56. a6 Ra2 57. Rb6+ Kf5 58. b4 Ra4 59. b5 Rxc4
60. Rb8 Ra4 61. b6 Rxa6 62. Rf8+ Ke6 63. b7 1-0

[Event "English Open 2025"]
[Site "Kenilworth ENG"]
[Date "2025.07.19"]
[Round "4.17"]
[White "Dishman, Stephen"]
[Black "Martin, Lewis"]
[Result "0-1"]
[WhiteTitle "FM"]
[BlackTitle "FM"]
[WhiteElo "2274"]
[BlackElo "2038"]
[WhiteFideId "403024"]
[BlackFideId "410551"]
[EventDate "2025.07.18"]

1. c4 c6 2. Nf3 d5 3. g3 Bg4 4. Bg2 Nd7 5. cxd5 cxd5 6. O-O Ngf6 7. d3 e6 8. Nc3
Be7 9. h3 Bh5 10. Bd2 O-O 11. g4 Bg6 12. Nh4 Qb6 13. Rb1 Rac8 14. b4 a6 15. Qa4
Qd6 16. Nxg6 hxg6 17. Rfc1 b5 18. Qd1 d4 19. Ne4 Nxe4 20. Bxe4 f5 21. gxf5 gxf5
22. Bb7 Rc7 23. Rxc7 Qxc7 24. Bg2 Nb6 25. Rc1 Qd7 26. Rc6 Nd5 27. Rxa6 Rf6 28.
Qc1 Rg6 29. Qc6 Qxc6 30. Rxc6 Bxb4 31. Kf1 Rxg2 32. Bxb4 Rh2 33. Bd6 Rxh3 34.
Kg2 Rh4 35. Be5 Kf7 36. Ra6 Rg4+ 37. Kf1 g5 38. Ra7+ Ke8 39. Rb7 b4 40. Bd6 Rh4
41. Bxb4 Rh1+ 42. Kg2 Rb1 43. Rb8+ Kd7 44. Bd6 Ra1 45. Be5 Rxa2 46. Bxd4 Rxe2
47. Kf3 Rd2 48. Rb3 Kd6 49. Be3 g4+ 50. Kg3 Nxe3 51. fxe3 Re2 52. d4 Ke7 53. Ra3
Kf6 54. Rb3 Kg5 55. Ra3 Rxe3+ 56. Rxe3 f4+ 57. Kf2 fxe3+ 58. Kxe3 Kf5 59. Kd3 0-1

[Event "English Open 2025"]
[Site "Kenilworth ENG"]
[Date "2025.07.19"]
[Round "4.18"]
[White "Murawski, Jan"]
[Black "Sasikumar, Srivathsan"]
[Result "1/2-1/2"]
[WhiteTitle "CM"]
[WhiteElo "2191"]
[BlackElo "2038"]
[WhiteFideId "21009287"]
[BlackFideId "343401279"]
[EventDate "2025.07.18"]

1. d4 Nf6 2. c4 e6 3. Nc3 Bb4 4. Nf3 b6 5. g3 Bb7 6. Bd2 O-O 7. Bg2 d6 8. O-O
Nbd7 9. a3 Bxc3 10. Bxc3 Ne4 11. Qc2 Nxc3 12. Qxc3 Nf6 13. Ne1 Bxg2 14. Nxg2 c5
15. Rfd1 Qc7 16. Rac1 Rac8 17. Rc2 Rfd8 18. Rdc1 d5 19. dxc5 Qxc5 20. cxd5 Qxc3
21. Rxc3 Rxc3 22. Rxc3 Nxd5 23. Rc2 g6 24. f3 Rd7 25. e4 Nc7 26. Ne3 Nb5 27. Kf2
Kg7 28. f4 f6 29. a4 Nd4 30. Rd2 Rd8 31. Nc4 Nc6 32. Rxd8 Nxd8 33. b4 Kf8 34.
Nd6 Nc6 35. b5 Na5 36. Nc8 Nb3 37. Nxa7 Nc5 38. Ke3 Nxa4 39. Kd4 Ke8 40. e5 f5
41. Nc8 Kd7 42. Nd6 Nc5 43. Kc4 Kd8 44. Nf7+ Ke7 45. Nd6 Kd8 46. Kd4 Kd7 47. Kc3
Kd8 48. Kd2 Kd7 49. Ke3 Kd8 50. Nf7+ Ke7 51. Nd6 Kd7 52. Kf2 Kd8 53. Kg2 Nb3 54.
Kh3 Nd4 55. Kg2 Kd7 56. Kf2 Kd8 57. Ke3 Nb3 58. Nf7+ Ke7 59. Ng5 h6 60. Nf3 Nc5
61. Nd2 Nd7 62. Nc4 Kf7 63. Kd4 Ke7 64. Nd6 Kf8 65. Nc8 Ke8 66. Nxb6 Nxb6 67.
Kc5 Nd5 68. Kd6 g5 69. h4 gxf4 70. gxf4 Kf7 71. h5 Ke8 72. Kxe6 Nxf4+ 73. Kxf5
Nxh5 74. b6 Kd7 75. e6+ Kc6 76. e7 Ng7+ 77. Kg6 Ne8 78. Kf7 Nd6+ 79. Ke6 Ne8 80.
Kf7 1/2-1/2

[Event "English Open 2025"]
[Site "Kenilworth ENG"]
[Date "2025.07.19"]
[Round "4.19"]
[White "Savidge, Daniel"]
[Black "Hanache, Kai"]
[Result "1/2-1/2"]
[WhiteElo "2141"]
[BlackElo "2108"]
[WhiteFideId "450332"]
[BlackFideId "490105"]
[EventDate "2025.07.18"]

1. b3 d5 2. Bb2 Nf6 3. Nf3 c5 4. g3 g6 5. Bg2 Bg7 6. O-O O-O 7. c4 d4 8. b4 Nfd7
9. d3 cxb4 10. a3 bxa3 11. Rxa3 Nc6 12. Nbd2 e5 13. Nb3 Rb8 14. Nfd2 Qc7 15. c5
b6 16. cxb6 axb6 17. Qc2 Nc5 18. Ne4 Nxb3 19. Rxb3 Be6 20. Rb5 Qd7 21. Ba3 Rfc8
22. Qb2 Qa7 23. Bd6 Ra8 24. Rxb6 Qd7 25. Ba3 Bd5 26. Nc5 Qd8 27. Nb7 Qd7 28. Nc5
Qd6 29. Nb7 Qd7 1/2-1/2

[Event "English Open 2025"]
[Site "Kenilworth ENG"]
[Date "2025.07.19"]
[Round "4.20"]
[White "Liu, Tianyi (Jack)"]
[Black "Clarke, James"]
[Result "1/2-1/2"]
[WhiteElo "2111"]
[BlackElo "1941"]
[WhiteFideId "8627894"]
[BlackFideId "463140"]
[EventDate "2025.07.18"]

1. e4 e5 2. Nf3 Nf6 3. Nxe5 d6 4. Nf3 Nxe4 5. Nc3 Nxc3 6. dxc3 Be7 7. Be3 O-O 8.
Qd2 Nd7 9. O-O-O Nf6 10. Bd3 Re8 11. Rhe1 Bg4 12. Bg5 Nh5 13. Bxe7 Rxe7 14. Be4
Bc8 15. h3 Nf6 16. Bd3 Bd7 17. g4 Rxe1 18. Rxe1 Qf8 19. Nd4 Re8 20. g5 Rxe1+ 21.
Qxe1 Qe8 22. Qxe8+ Nxe8 23. Bf5 Bxf5 24. Nxf5 f6 25. gxf6 Nxf6 26. Kd2 Kf7 27.
Ke3 g5 28. Nd4 a6 29. Kf3 h5 30. c4 Nd7 31. b3 Kf6 32. Ke3 c5 33. Ne2 Ke5 34.
f4+ gxf4+ 35. Nxf4 Nf6 36. Ng6+ Kf5 37. Nh4+ Kg5 38. Nf3+ Kf5 39. Nh4+ Kg5 40.
Nf3+ Kf5 41. Nh4+ Ke5 1/2-1/2

[Event "English Open 2025"]
[Site "Kenilworth ENG"]
[Date "2025.07.19"]
[Round "4.21"]
[White "Khoury, Theo"]
[Black "Byron, Alan M"]
[Result "1-0"]
[WhiteTitle "CM"]
[WhiteElo "2229"]
[BlackElo "2040"]
[WhiteFideId "480703"]
[BlackFideId "401773"]
[EventDate "2025.07.18"]

1. e4 c6 2. d4 d5 3. Nc3 dxe4 4. Nxe4 Nf6 5. Nxf6+ exf6 6. c3 Bd6 7. Bd3 O-O 8.
Ne2 Re8 9. O-O Nd7 10. Ng3 Nf8 11. f4 Qc7 12. f5 Bxg3 13. hxg3 h6 14. Bf4 Qb6
15. Qh5 Re7 16. Bxh6 gxh6 17. Qxh6 Qxb2 18. Qxf6 Rd7 19. Qg5+ Kh8 20. f6 1-0

[Event "English Open 2025"]
[Site "Kenilworth ENG"]
[Date "2025.07.19"]
[Round "4.22"]
[White "Villiers, Thomas"]
[Black "Watson, Jacob"]
[Result "1-0"]
[WhiteTitle "CM"]
[WhiteElo "2158"]
[BlackElo "1918"]
[WhiteFideId "427209"]
[BlackFideId "445037"]
[EventDate "2025.07.18"]

1. e4 c5 2. Nf3 Nc6 3. Bb5 e6 4. O-O Nge7 5. Re1 a6 6. Bf1 d5 7. exd5 Nxd5 8. d4
Be7 9. dxc5 Bxc5 10. c4 Nde7 11. Qc2 Ng6 12. Nc3 O-O 13. Bg5 f6 14. Rad1 Qc7 15.
Be3 Bxe3 16. Rxe3 e5 17. Nd5 Qf7 18. Nb6 Rb8 19. c5 Be6 20. Rd6 Kh8 21. a3 Nf4
22. Bxa6 Ne7 23. Bc4 Bxc4 24. Nxc4 Ned5 25. Re1 e4 26. Rxe4 Rbe8 27. Ne3 Rxe4
28. Qxe4 Re8 29. Qc4 Qg6 30. Rxd5 Nxd5 31. Qxd5 Qb1+ 32. Nd1 h6 33. h4 Re2 34.
Kh2 Qc2 35. b4 Qg6 36. h5 Qg4 37. Qd8+ Kh7 38. Qd3+ Qe4 39. Qxe4+ Rxe4 40. Ne3
Kg8 41. Nf5 Kf8 42. Nd6 Re7 43. Kg3 Rc7 44. Kf4 Ke7 45. Nd4 Rd7 46. Ke4 Kd8 47.
Ne6+ 1-0

[Event "English Open 2025"]
[Site "Kenilworth ENG"]
[Date "2025.07.19"]
[Round "4.23"]
[White "Pereslavtsev, Alexandr"]
[Black "Rastogi, Nayan Keats"]
[Result "1-0"]
[WhiteElo "2040"]
[BlackElo "1891"]
[WhiteFideId "343401449"]
[BlackFideId "343407579"]
[EventDate "2025.07.18"]

1. d4 Nf6 2. c4 e6 3. Nf3 d5 4. Nc3 Bb4 5. cxd5 exd5 6. Bg5 h6 7. Bh4 Bf5 8. e3
Nbd7 9. Qb3 Bxc3+ 10. Qxc3 O-O 11. Bd3 Bxd3 12. Qxd3 c6 13. O-O g5 14. Bg3 Ne4
15. Be5 f6 16. Bg3 h5 17. h4 g4 18. Nd2 f5 19. Nxe4 fxe4 20. Qb3 Qb6 21. Qc2 Qb4
22. f3 Qe7 23. fxe4 Nf6 24. exd5 Qe4 25. Rac1 Qxc2 26. Rxc2 cxd5 27. Bd6 Rf7 28.
Rcf2 Kg7 29. Rf5 Re8 30. Be5 Re6 31. Rxh5 Kg6 32. Rg5+ Kh6 33. Rgf5 Kg6 34. h5+ 1-0

[Event "English Open 2025"]
[Site "Kenilworth ENG"]
[Date "2025.07.19"]
[Round "4.24"]
[White "Cont, Arya"]
[Black "Shivakumar, Akshath"]
[Result "1-0"]
[WhiteElo "2090"]
[BlackElo "1822"]
[WhiteFideId "26100363"]
[BlackFideId "499765"]
[EventDate "2025.07.18"]

1. Nf3 d5 2. g3 e6 3. Bg2 c6 4. O-O f5 5. d3 Nf6 6. Nbd2 Bd6 7. Re1 O-O 8. e4
fxe4 9. dxe4 e5 10. exd5 Nxd5 11. Nc4 Bg4 12. Nxd6 Qxd6 13. c4 Bxf3 14. Bxf3 Qf6
15. cxd5 Qxf3 16. Qxf3 Rxf3 17. Rxe5 Nd7 18. Re7 Rf7 19. Rxf7 Kxf7 20. dxc6 bxc6
21. Be3 a5 22. Rc1 Rc8 23. Rc4 Rb8 24. b3 Ne5 25. Ra4 Rb5 26. Kg2 c5 27. f4 Nd3
28. Rc4 Rb4 29. Rc3 Nb2 30. Bc1 Nd1 31. Rxc5 a4 32. bxa4 Rxa4 33. a3 Rd4 34. Kf3
Rd3+ 35. Ke2 Rd6 36. Rc7+ Kg6 37. a4 h6 38. a5 h5 39. a6 Rxa6 40. Kxd1 Ra2 41.
Rc2 Ra4 42. Bb2 h4 43. Ke2 hxg3 44. hxg3 Kh6 45. Rc6+ Kh7 46. Rc7 Ra2 47. Rxg7+
Kh8 48. Rb7+ Kg8 49. f5 Ra4 50. f6 Ra6 51. g4 Re6+ 52. Kf3 Ra6 53. g5 Re6 54. g6
Re8 55. f7+ Kf8 56. g7# 1-0

[Event "English Open 2025"]
[Site "Kenilworth ENG"]
[Date "2025.07.19"]
[Round "4.25"]
[White "Sachdeva, Ronit"]
[Black "Salmons, Calum"]
[Result "1/2-1/2"]
[WhiteElo "2060"]
[BlackElo "2085"]
[WhiteFideId "343401589"]
[BlackFideId "437280"]
[EventDate "2025.07.18"]

1. d4 d5 2. c4 c6 3. Nf3 Nf6 4. g3 e6 5. Bg2 b6 6. O-O Bb7 7. Nc3 Nbd7 8. Qd3
Be7 9. Rd1 O-O 10. e4 dxe4 11. Nxe4 c5 12. Nxf6+ Nxf6 13. Qe2 Qc7 14. Bf4 Bd6
15. Bxd6 Qxd6 16. Qe5 Qc6 17. Ne1 Qc8 18. b3 Bxg2 19. Nxg2 Rd8 20. Qe3 cxd4 21.
Rxd4 Rxd4 22. Qxd4 Qd8 23. Rd1 Qxd4 24. Rxd4 Kf8 25. Ne3 1/2-1/2

[Event "English Open 2025"]
[Site "Kenilworth ENG"]
[Date "2025.07.19"]
[Round "4.26"]
[White "Mesropyan, Hayk"]
[Black "Larkin, Benjamin"]
[Result "1/2-1/2"]
[WhiteElo "1892"]
[BlackElo "2029"]
[WhiteFideId "499455"]
[BlackFideId "479977"]
[EventDate "2025.07.18"]

1. e4 c5 2. Nf3 e6 3. d4 cxd4 4. Nxd4 Nf6 5. Bd3 Nc6 6. c3 d5 7. Nxc6 bxc6 8. e5
Nd7 9. Qe2 Nc5 10. O-O Be7 11. Nd2 Nxd3 12. Qxd3 O-O 13. Nb3 a5 14. Qg3 Kh8 15.
Be3 a4 16. Nd4 Qc7 17. Rfc1 c5 18. Nf3 Rb8 19. Rab1 Ba6 20. b3 Bd3 21. Rb2 axb3
22. axb3 Rb7 23. Nd2 Bg6 24. Ra2 Ra7 25. Rxa7 Qxa7 26. Qg4 Qa3 27. Qd1 Ra8 28.
h3 h6 29. Kh2 Qb2 30. h4 Ra2 31. h5 Bc2 32. Qf3 Qxc1 33. Qxf7 Ra7 34. Ne4 Qa3
35. Qe8+ Kh7 36. Qg6+ Kh8 37. Qe8+ Kh7 1/2-1/2

[Event "English Open 2025"]
[Site "Kenilworth ENG"]
[Date "2025.07.19"]
[Round "4.27"]
[White "Bevis, Noah"]
[Black "Lebedev, Lion"]
[Result "0-1"]
[WhiteElo "1934"]
[BlackElo "2048"]
[WhiteFideId "343434630"]
[BlackFideId "551005492"]
[EventDate "2025.07.18"]

1. d4 d5 2. Bf4 Nf6 3. e3 c5 4. dxc5 Nc6 5. Bb5 e6 6. b4 Be7 7. Ne2 O-O 8. c3 e5
9. Bg3 Qc7 10. Nd2 Nh5 11. Nf3 Nxg3 12. hxg3 Be6 13. O-O f6 14. Qc2 b6 15. c4
Nxb4 16. Qb3 a6 17. cxd5 Bxd5 18. Bc4 Qxc5 19. Rac1 Rac8 20. Nd2 b5 21. Bxd5+
Qxd5 22. Nf3 Qxb3 23. axb3 Na2 24. Ra1 Rc2 25. Nc1 Nc3 26. Kh2 Ra8 27. Nd3 a5
28. Rac1 Rxc1 29. Rxc1 Ne2 30. Rc2 e4 31. Rxe2 exd3 32. Ra2 Bb4 33. Nd4 d2 34.
Ra1 Rc8 35. Ne2 a4 36. bxa4 bxa4 37. Kg1 a3 38. Kf1 a2 0-1

[Event "English Open 2025"]
[Site "Kenilworth ENG"]
[Date "2025.07.19"]
[Round "4.28"]
[White "Pick, Freddie"]
[Black "Fellowes, Billy"]
[Result "1/2-1/2"]
[BlackTitle "CM"]
[WhiteElo "1934"]
[BlackElo "2193"]
[WhiteFideId "343454097"]
[BlackFideId "483540"]
[EventDate "2025.07.18"]

1. e4 c6 2. Nc3 d5 3. Nf3 Bg4 4. h3 Bxf3 5. Qxf3 e6 6. d4 dxe4 7. Qxe4 Nf6 8.
Qd3 Bd6 9. Bd2 Nbd7 10. O-O-O Qc7 11. g4 h6 12. Be2 O-O-O 13. h4 Nd5 14. Nxd5
cxd5 15. Qb3 Nf6 16. f3 Bf4 17. Kb1 Bxd2 18. Rxd2 Kb8 19. Qe3 Rc8 20. Bd3 Qd6
21. Rg2 a6 22. c3 b5 23. Qe5 Qxe5 24. dxe5 Nd7 25. f4 g5 26. Re1 gxf4 27. Rf2
Rhg8 28. Rxf4 Rg7 29. Re3 Rcg8 30. Be2 Kc7 31. Kc2 Kb6 32. Kd2 Nc5 33. Bf3 Kc7
34. Rf6 Rh8 35. Re2 Kd8 36. Rf4 Ke7 37. Ke3 Rc8 38. Kd4 Nd7 39. b3 a5 40. Re1
Rc7 41. Be2 b4 42. c4 dxc4 43. Bxc4 Nb6 44. Rg1 Rg8 45. Rgf1 Rd8+ 46. Ke3 Ke8
47. Rf6 Nxc4+ 48. bxc4 Rxc4 49. Rxf7 Rdd4 50. Rf8+ Kd7 51. R1f7+ Kc6 52. Rf4
Rxf4 53. Rxf4 Rc3+ 54. Kd4 Rg3 55. Kc4 Rg2 56. h5 Rg3 57. Rf6 Rxg4+ 58. Kb3 Rg3+
59. Kc4 Rg4+ 60. Kb3 Kd5 61. Ka4 Rg2 62. Kxa5 Kc5 63. Ka4 Rxa2+ 64. Kb3 Ra3+ 65.
Kb2 Kd5 66. Rxh6 Rh3 67. Rh8 Kxe5 68. Rb8 Kd6 69. Rxb4 Rxh5 70. Kc3 Kc5 71. Ra4
Rh3+ 72. Kd2 e5 73. Ke2 Kd5 74. Rb4 Ke6 75. Ra4 Kf5 76. Ra8 Kf4 77. Rf8+ Ke4 78.
Ra8 Rh2+ 79. Ke1 Rb2 80. Rh8 Ra2 81. Rh7 Kd4 82. Rh3 e4 83. Rg3 Ke5 84. Rh3 Kf4
85. Rb3 Rg2 86. Ra3 Rh2 87. Rb3 Ke5 88. Ra3 Kd4 89. Rb3 Ra2 90. Rh3 Rb2 91. Rg3
Rb8 92. Ke2 Ke5 93. Ra3 Kf4 94. Rc3 Rb4 95. Ra3 Rc4 96. Rb3 Ra4 97. Rc3 e3 98.
Rc8 Ra2+ 99. Ke1 Ra1+ 100. Ke2 Ra2+ 101. Ke1 Ra1+ 102. Ke2 Ke4 103. Re8+ Kf4
104. Rf8+ Ke4 105. Re8+ Kf4 106. Rf8+ Ke4 107. Re8+ 1/2-1/2

[Event "English Open 2025"]
[Site "Kenilworth ENG"]
[Date "2025.07.19"]
[Round "4.29"]
[White "Patel, Keatan"]
[Black "Verma, Shlok"]
[Result "1/2-1/2"]
[WhiteElo "1990"]
[BlackElo "2169"]
[WhiteFideId "477613"]
[BlackFideId "441228"]
[EventDate "2025.07.18"]

1. e4 e6 2. d4 d5 3. exd5 exd5 4. Nf3 Nf6 5. Bd3 Bd6 6. O-O O-O 7. Bg5 Bg4 8.
Nbd2 Nbd7 9. c3 c5 10. Qc2 Qc7 11. dxc5 Bxc5 12. Bh4 Rfe8 13. Bg3 Bd6 14. Bxd6
Qxd6 15. Rfe1 Ne5 16. Be2 Bd7 17. Nxe5 Qxe5 18. Nf3 Qd6 19. Bd3 b5 20. Qd2 a5
21. a3 Rxe1+ 22. Rxe1 b4 23. axb4 axb4 24. c4 1/2-1/2